000 02707nam2a2200313 4500
001 RU\NLR\BIBL_A\010884533
005 20250624194226.0
010 _a978-5-91253-622-9
_9400
021 _aRU
_b2015-79755
_94829
035 _a(NLR Aleph) 010884533
090 _a10519521
_c10519521
100 _a20151106d2015 |||y0rusy50 ca
101 0 _arus
102 _aRU
105 _aa|||j|||000yy
200 1 _aВодоподготовка. Технология неорганических веществ
210 _d2015
_aБ. м.
215 _a204 с.
_cил.
320 _aБиблиогр.: с. 203-204 (19 назв.)
461 0 _1001RU\NLR\BIBL_A\010924256
_12001#$aИзбранные главы химической технологии с оценкой экологических проблем и коррозионной агрессивности технологических сред$eучебное пособие для студентов химических и химико-технологических специальностей университетов$fВ.И. Вигдорович, Л.Е. Цыганкова, Н.В. Шель, Е.Г. Кузнецова$g[отв. ред.: засл. деят. науки и техники РФ, д.х.н., проф. В.И. Вигдорович]$gМ-во образования и науки Рос. Федерации, ФГБОУ ВПО "Тамбов. гос. ун-т им. Г.Р. Державина" [и др.]$vЧ. 1
_910691904
_cТамбов
_d2015
_fВ.И. Вигдорович, Л.Е. Цыганкова, Н.В. Шель, Е.Г. Кузнецова
_nИзд-во Першина Р.В.
_oучебное пособие для студентов химических и химико-технологических специальностей университетов
_tИзбранные главы химической технологии с оценкой экологических проблем и коррозионной агрессивности технологических сред
_vЧ. 1
517 1 _aТехнология неорганических веществ
606 1 _aВода
_jУчебные издания для высших учебных заведений
_xПрименение в химических производствах
_92193144
_3RU\NLR\AUTH\6601553832
606 1 _aНеорганическая химическая технология
_jУчебные издания для высших учебных заведений
_91092987
_3RU\NLR\AUTH\66429055
686 1 _aЛ20я73-1
686 1 _aЛ10-388я73-1
942 _cBOOK
980 _aNB